Des passeurs de savoirs, de soins, de culture : dynamiques de professionnalisation des infirmières en pratique avancée en Guyane à l’aune de la négociation des savoirs (notice n° 1912160)

détails MARC
000 -LEADER
fixed length control field 02145cam a2200253 4500500
005 - DATE AND TIME OF LATEST TRANSACTION
control field 20260329021401.0
041 ## - LANGUAGE CODE
Language code of text/sound track or separate title fre
042 ## - AUTHENTICATION CODE
Authentication code dc
100 10 - MAIN ENTRY--PERSONAL NAME
Personal name Solignat, Blandine
Relator term author
245 00 - TITLE STATEMENT
Title Des passeurs de savoirs, de soins, de culture : dynamiques de professionnalisation des infirmières en pratique avancée en Guyane à l’aune de la négociation des savoirs
260 ## - PUBLICATION, DISTRIBUTION, ETC.
Date of publication, distribution, etc. 2026.<br/>
500 ## - GENERAL NOTE
General note 59
520 ## - SUMMARY, ETC.
Summary, etc. La pratique avancée infirmière en Guyane met en lumière les tensions d’une profession en construction dans un contexte géographique, social et culturel singulier. Les infirmières en pratique avancée y composent entre référentiels nationaux et réalités de terrain, engageant une négociation et un métissage des savoirs académiques, expérientiels et locaux. L’analyse des CDPS et l’entretien avec une IPA de terrain soulignent l’importance d’une posture réflexive et de la sécurité culturelle pour penser une professionnalisation dynamique, contextualisée et transformatrice des pratiques de soin.
520 ## - SUMMARY, ETC.
Summary, etc. Advanced nursing practice in French Guiana highlights the tensions facing an emerging profession in a geographically isolated, socially precarious, and culturally diverse context. Advanced practice nurses navigate between centralized biomedical frameworks and local realities through a negotiation and cross-fertilization of academic, experiential, and local knowledge. Analysis of Decentralized Prevention and Care Centers (CDPSs) and an interview with a field-based nurse underscore the importance of reflexivity and cultural safety in shaping a dynamic, situated process of professionalization and transforming care practices in intercultural settings.
690 ## - LOCAL SUBJECT ADDED ENTRY--TOPICAL TERM (OCLC, RLIN)
Topical term or geographic name as entry element négociation des savoirs
690 ## - LOCAL SUBJECT ADDED ENTRY--TOPICAL TERM (OCLC, RLIN)
Topical term or geographic name as entry element pluri culturalité
690 ## - LOCAL SUBJECT ADDED ENTRY--TOPICAL TERM (OCLC, RLIN)
Topical term or geographic name as entry element professionnalisation
690 ## - LOCAL SUBJECT ADDED ENTRY--TOPICAL TERM (OCLC, RLIN)
Topical term or geographic name as entry element knowledge negotiation
690 ## - LOCAL SUBJECT ADDED ENTRY--TOPICAL TERM (OCLC, RLIN)
Topical term or geographic name as entry element multiculturalism
690 ## - LOCAL SUBJECT ADDED ENTRY--TOPICAL TERM (OCLC, RLIN)
Topical term or geographic name as entry element professionalization
700 10 - ADDED ENTRY--PERSONAL NAME
Personal name Saintomer, Gaelle
Relator term author
786 0# - DATA SOURCE ENTRY
Note Phronesis | 15 | 4 | 2026-03-06 | p. 151-173
856 41 - ELECTRONIC LOCATION AND ACCESS
Uniform Resource Identifier <a href="https://shs.cairn.info/revue-phronesis-2026-4-page-151?lang=fr&redirect-ssocas=7080">https://shs.cairn.info/revue-phronesis-2026-4-page-151?lang=fr&redirect-ssocas=7080</a>

Pas d'exemplaire disponible.

PLUDOC

PLUDOC est la plateforme unique et centralisée de gestion des bibliothèques physiques et numériques de Guinée administré par le CEDUST. Elle est la plus grande base de données de ressources documentaires pour les Étudiants, Enseignants chercheurs et Chercheurs de Guinée.

Adresse

627 919 101/664 919 101

25 boulevard du commerce
Kaloum, Conakry, Guinée

Réseaux sociaux

Powered by Netsen Group @ 2025